000 00415nam a2200169Ia 4500
008 230524s9999 xx 000 0 und d
082 _a658.45
_bADL
100 _aRonald B. Adler
245 0 _a"Understanding Human Communication, "
250 _a9TH
260 _aNEW YORK
_bOxford
_c2006
300 _aXVI;522
500 _aQuantity Number: 2
650 _aEnglish
700 _a George Rooman
942 _cBK
999 _c49249
_d49249